Die Verwandlung : ročenka Společnosti Franze Kafky : 2004 / [Uspoř. Daniela Uherková]
Další ročenka Společnosti Franze Kafky bilancuje kulturní činnost společnosti za rok 2004.
Brožura je ročenkou občanského sdružení Společnost Franze Kafky za rok 2004. Jednotlivé stati ročenky přibližují činnost a kulturní život společnosti v daném období. Připomenut je zvláště kulturní festival Kafka - Borges, dále je popisováno udělení literární Ceny Franze Kafky spisovatelce E. Jelinekové. Společnost také představila své uvažované nového sídlo, nově vydané knihy a další akce uskutečněné v roce 2004.
Record details
- ISBN: 80-85844-85-0
- Physical Description: 65 s. : fot. ; 21 cm
- Publisher: V Praze : Společnost Franze Kafky, 2005
Available copies
- 1 of 1 copy available at Common Catalog SPOK.
Holds
- 0 current holds with 1 total copy.
Show Only Available Copies
| Location | Call Number / Copy Notes | Barcode | Shelving Location | Status | Due Date |
|---|---|---|---|---|---|
| Terezin Initiative Institute | 4934 | 4594304934 | Knihovna ITI | Available | - |
| LDR | 01334nam a2200253 a 4500 | ||
|---|---|---|---|
| 001 | 27935 | ||
| 003 | CZ-PrJAB | ||
| 005 | 20221122051624.0 | ||
| 008 | 060101s2005 xr gr 0 cze | ||
| 020 | . | ‡a80-85844-85-0 | |
| 035 | . | ‡a(CONS)2757 | |
| 035 | . | ‡a(CZ PrSKC)2517740 | |
| 040 | . | ‡aABG001 ‡bcze ‡cABG001 | |
| 245 | 0 | 0. | ‡aDie Verwandlung : ‡bročenka Společnosti Franze Kafky : 2004 / ‡c[Uspoř. Daniela Uherková] |
| 246 | 1 | 5. | ‡aRočenka SFK |
| 260 | . | ‡aV Praze : ‡bSpolečnost Franze Kafky, ‡c2005 | |
| 300 | . | ‡a65 s. : ‡bfot. ; ‡c21 cm | |
| 520 | 9 | . | ‡aDalší ročenka Společnosti Franze Kafky bilancuje kulturní činnost společnosti za rok 2004. |
| 520 | 9 | . | ‡aBrožura je ročenkou občanského sdružení Společnost Franze Kafky za rok 2004. Jednotlivé stati ročenky přibližují činnost a kulturní život společnosti v daném období. Připomenut je zvláště kulturní festival Kafka - Borges, dále je popisováno udělení literární Ceny Franze Kafky spisovatelce E. Jelinekové. Společnost také představila své uvažované nového sídlo, nově vydané knihy a další akce uskutečněné v roce 2004. |
| 700 | 1 | . | ‡aUherková, Daniela ‡7ola2006319189 ‡4com |
| 852 | 4 | . | ‡bJACH-ITI ‡bJACH-ITI ‡cKnihovna ITI ‡j4934 ‡p4934 ‡y$0.00 |
| 910 | . | ‡aABE340 ‡b4934 | |
| 995 | . | ‡askok | |
| 901 | . | ‡a27935 ‡bISxN ‡c27935 ‡tbiblio | |